000 00635nam a22001937a 4500
003 OSt
005 20150625124630.0
008 150625b xxu||||| |||| 00| 0 eng d
020 _a9780763781811 (alk. paper)
040 _aSEKU
050 0 0 _aRC 280
_b.P7E43
100 1 _aEllsworth, Pamela.
245 1 0 _a100 questions and answers about men's health :
_bkeeping you happy & healthy below the belt /
_cPamela Ellsworth.
260 _aSudbury, Mass. :
_bJones and Bartlett Publishers,
_cc2011.
300 _a322 p. :
_bill.
650 0 _aProstate
_xCancer
_vPopular works.
650 0 _aProstate
_xCancer
_vMiscellanea.
942 _2lcc
_cGEN
999 _c4316
_d4316